Escritura y muerte en Homero /
Introduce la noción de performatividad en Homero como principio básico de su poética. Para ello, se analiza la única referencia en Homero a la escritura y se hace mención de algunos eventos prehoméricos y posthoméricos tales como la muerte de Palamedes, la consiguiente venganza de Nauplio y la evoca...
Αποθηκεύτηκε σε:
| Κύριος συγγραφέας: | |
|---|---|
| Μορφή: | Άγνωστο |
| Γλώσσα: | Spanish |
| Θέματα: | |
| Ετικέτες: |
Προσθήκη ετικέτας
Δεν υπάρχουν, Καταχωρήστε ετικέτα πρώτοι!
|
MARC
| LEADER | 000000000a22000000004500 | ||
|---|---|---|---|
| 001 | 009451 | ||
| 041 | 0 | |a spa | |
| 100 | 1 | |a Brenes, Jorge A. | |
| 245 | 1 | 0 | |a Escritura y muerte en Homero / |c Jorge A. Brenes. |
| 310 | |a semestral | ||
| 520 | |a Introduce la noción de performatividad en Homero como principio básico de su poética. Para ello, se analiza la única referencia en Homero a la escritura y se hace mención de algunos eventos prehoméricos y posthoméricos tales como la muerte de Palamedes, la consiguiente venganza de Nauplio y la evocación de las esposas de los héroes griegos por Helena, cuando éstos se encuentran dentro del caballo. | ||
| 650 | 4 | |a HOMERO | |
| 650 | 4 | |a LITERATURA GRIEGA | |
| 650 | 4 | |a CRITICAS | |
| 773 | 0 | |x 0377-628X |d San José, Costa Rica : Editorial de la Universidad de Costa Rica |t Revista de Filología y Lingüística de la Universidad de Costa Rica |g volumen XXIX, número 2 (2003), páginas 103-107 | |
| 942 | |c ARC | ||
| 999 | |c 15282 |d 15282 | ||
